000 00370 a2200157 4500
001 75675
020 _a8510036691
040 _cAnchieta - Colégio São Paulo
100 _aAndrade, Telma Guimarães Castro
240 1 0 _aPara sempre criança
_lpor
245 1 0 _aPara sempre criança
300 _a24
362 0 _a2009
650 4 _aLiteratura infantil
942 _cBK
999 _c75675
_d75675